000 00714nam a2200229 i 4500
001 bg
245 7 0 _aEncyklopedia historii Polski :
_bdzieje polityczne /
_cJan Dzięgielewski [et. al.] ; [aut. haseł Andrzej Biernat et al.]. - T.2: [N-Ż].
260 _aWarszawa :
_bMOREX,
_c1994.
300 _a664 s., [32] k. tabl. kolor. :
_bfaks., fot., mapy, rys., wykr. ;
_c34 cm.
650 9 _aHistoria
651 9 _aPolska
_xhistoria
655 _aEncyklopedie
700 1 _aDZIĘGIELEWSKI, Jan.
700 1 _aBIERNAT, Andrzej.
020 _a8390412128
040 _cBPK
041 _apol
080 _a93/99+943.8](03)
920 _a83-904121-2-8
942 _cKS
008 s pl f |000 0 pol
999 _c31360
_d31360
856 _uhttp://koha.tu.koszalin.pl/cgi-bin/koha/opac-detail.pl?biblionumber=31360
_yKatalog online BPK